| 000 | 01079nam a22003257a 4500 | ||
|---|---|---|---|
| 003 | CHAP | ||
| 005 | 20220817042640.0 | ||
| 008 | 971013s1971 r 00010 d | ||
| 010 | _a50991 | ||
| 011 | _a51963 | ||
| 035 | _a56113 | ||
| 040 | _cCHAP | ||
| 082 |
_a519.7 _bP6 |
||
| 100 | 0 | 0 |
_aPolak, E. _990188 |
| 245 |
_aComputational methods in optimization _b: a unified approach |
||
| 260 |
_aNew York : _bAcademic Press, _c1971 |
||
| 300 | _a329 p. | ||
| 490 |
_aMathematics in science and engineering _v; 77 |
||
| 590 |
_aBATCH-UPD _b10 _c20130110 _lUCH01 _h0830 |
||
| 590 |
_aBATCH-UPD _b10 _c20130410 _lUCH01 _h0508 |
||
| 590 |
_aBATCH-UPD _b10 _c20130914 _lUCH01 _h1804 |
||
| 590 |
_aCONVERSION _b10 _c20130109 _lUCH01 _h1328 |
||
| 650 | 1 | 4 |
_aOptimización matemática. _983385 |
| 650 | 1 | 4 | _aProgramación. |
| 830 | 0 |
_aMathematics in science and engineering _v; 77 |
|
| 901 | _aBK | ||
| 942 | _cLIBRO | ||
| 949 |
_a519.7 P6 _bBC _cLIBRO _d33724000382701 _eLIBRO _h33103 _i56113 _si _t360.00 |
||
| 949 |
_a519.7 P6 _bBC _cLIBRO _d33724000382719 _eLIBRO _fc.2 _h33104 _i56113 _si _t360.00 |
||
| 999 |
_c50991 _d50991 |
||